000 01584nam0a2200397 4500
001 RU\NLR\bibl\1379245
005 20260405124749.0
010 _a978-5-9206-0309-8
_910000
021 _aRU
_b2009-27464
_91641
035 _a(nilc)EL/0000272435
035 _aRUM0057094
035 _a(NLR Aleph) 001371340
090 _a1043681
_c1043681
100 _a20090520d2008 |||y0rusy50 ca
101 0 _arus
102 _aRU
105 _aa |||||||||
200 1 _aЛечение пыльцой и пергой
_fОльга Лябик
210 _aМосква
_cКонтиненталь-Книга
_cТИД Континент-Пресс
_d2008
215 _a30, [2] с.
_cил.
_d20
225 1 _aМир пчеловода
300 _aНа обл. авт. не указан
606 1 _aПерга
_xЛечебное применение
_92412609
_3RU\NLR\auth\661437355
606 1 _aПыльца растений
_xЛечебное применение
_92020784
_3RU\NLR\auth\66929969
607 _aРФ
_2nav
610 2 _aпыльца -- перга -- болезни человека -- лечение -- терапевтическая эффективность
686 _a76.01.05
_2rugasnti
686 _aР282.113
700 1 _4070
_8rus
_7ca
_aЛябик
_bО. Ю.
_gОльга Ю.
_3RU\NLR\auth\7750178
_933113
801 0 _aRU
_bЦНСХБ РАСХН
_c20090520
_gRCR
801 1 _aRU
_bЦНСХБ РАСХН
_c20090520
801 2 _aRU
_bЦНСХБ РАСХН
_c20090603
_2rusmarc
801 2 _aRU
_bNLR
_c20090609
_grcr
942 _cBOOK
980 _aNB